[Event "EU-chT (Women) 24th"]
[Site "Budva"]
[Date "2023.11.17"]
[Round "6.3"]
[White "Ivekovic, Tihana"]
[Black "Gueci, Tea"]
[Result "1/2-1/2"]
[WhiteElo "2136"]
[BlackElo "2160"]
[PlyCount "61"]
[EventDate "2023.11.11"]
[EventType "team-swiss"]
[EventRounds "9"]
[EventCountry "MNE"]
[SourceTitle "CB47_2023"]
[SourceDate "2023.11.22"]
[SourceVersion "1"]
[SourceVersionDate "2023.11.22"]
[SourceQuality "1"]
[WhiteTeam "Croatia (W)"]
[BlackTeam "Italy (W)"]
[WhiteTeamCountry "CRO"]
[BlackTeamCountry "ITA"]

1. d4 d5 2. c4 e6 3. Nf3 Nd7 4. g3 dxc4 5. Bg2 Rb8 6. a4 a6 7. a5 Bd6 8. Nbd2 b5 9. axb6 Nxb6 10. Qc2 Ne7 11. 0-0 0-0 12. Rd1 h6 13. Nxc4 Nxc4 14. Qxc4 Rb5 15. Ne1 Nd5 16. Nd3 Nb4 17. Nxb4 Rxb4 18. Qc3 Qe7 19. Bf4 Bxf4 20. gxf4 Bb7 21. Bxb7 Rxb7 22. Rxa6 Rfb8 23. Qf3 Rxb2 24. Ra8 Qf6 25. Rxb8+ Rxb8 26. Qe4 Rd8 27. Rd3 Rd5 28. Kg2 Qf5 29. Qxf5 exf5 30. Kg3 c5 31. dxc5 1/2-1/2

[Event "Titled Tuesday intern op 12th Sep Early"]
[Site "Chess.com INT"]
[Date "2023.09.12"]
[Round "5"]
[White "Gueci, Tea"]
[Black "Clawitter, Craig"]
[Result "1-0"]
[WhiteElo "2192"]
[BlackElo "2050"]
[PlyCount "61"]
[EventDate "2023.09.12"]
[EventType "swiss (blitz)"]
[EventRounds "11"]
[EventCountry "USA"]
[SourceTitle "EXT 2024"]
[Source "ChessBase"]
[SourceDate "2023.10.10"]
[SourceVersion "1"]
[SourceVersionDate "2023.10.10"]
[SourceQuality "1"]

1. e4 e6 2. d4 d5 3. Nc3 Bb4 4. e5 c5 5. a3 Bxc3+ 6. bxc3 Ne7 7. Qg4 Qc7 8. Bd3 c4 9. Be2 Qa5 10. Bd2 Nf5 11. Nf3 Nc6 12. 0-0 Bd7 13. Nh4 Nce7 14. Nf3 0-0-0 15. Rfb1 Rdg8 16. h4 h5 17. Qh3 Qd8 18. a4 f6 19. a5 a6 20. Ra2 Kb8 21. Rab2 Bc8 22. Bf4 Ka7 23. exf6 gxf6 24. Qh2 Qxa5 25. Bc7 Qxc3 26. Bb8+ Ka8 27. Qc7 Nxd4 28. Nxd4 Qxd4 29. Rxb7 Rxg2+ 30. Kxg2 Rg8+ 31. Kf1 1-0

[Event "Titled Tuesday intern op 08th Aug Early"]
[Site "Chess.com INT"]
[Date "2023.08.08"]
[Round "3"]
[White "Borgaonkar, Akshay"]
[Black "Gueci, Tea"]
[Result "1-0"]
[WhiteElo "2076"]
[BlackElo "2217"]
[PlyCount "61"]
[EventDate "2023.08.08"]
[EventType "swiss (blitz)"]
[EventRounds "11"]
[EventCountry "USA"]
[SourceTitle "EXT 2024"]
[Source "ChessBase"]
[SourceDate "2023.10.10"]
[SourceVersion "1"]
[SourceVersionDate "2023.10.10"]
[SourceQuality "1"]

1. e4 e5 2. Nf3 Nc6 3. Bb5 a6 4. Ba4 Nf6 5. d3 b5 6. Bb3 Bc5 7. Nc3 0-0 8. Nd5 h6 9. c3 Re8 10. Nxf6+ Qxf6 11. g4 Qg6 12. g5 hxg5 13. Rg1 Na5 14. Bxg5 Nxb3 15. axb3 d5 16. Qe2 dxe4 17. dxe4 Bb7 18. Be3 Qb6 19. Bxc5 Qxc5 20. 0-0-0 g6 21. Nh4 Re6 22. Nf5 Kf8 23. Nh4 b4 24. c4 a5 25. Qd2 a4 26. Qh6+ Kg8 27. Nxg6 fxg6 28. Rxg6+ Rxg6 29. Qxg6+ Kh8 30. Rd7 Bxe4 31. Qg7# 1-0

[Event "Titled Tuesday intern op 08th Aug Early"]
[Site "Chess.com INT"]
[Date "2023.08.08"]
[Round "7"]
[White "Gueci, Tea"]
[Black "Degenbaev, Aziz"]
[Result "0-1"]
[WhiteElo "2217"]
[BlackElo "2242"]
[PlyCount "88"]
[EventDate "2023.08.08"]
[EventType "swiss (blitz)"]
[EventRounds "11"]
[EventCountry "USA"]
[SourceTitle "EXT 2024"]
[Source "ChessBase"]
[SourceDate "2023.10.10"]
[SourceVersion "1"]
[SourceVersionDate "2023.10.10"]
[SourceQuality "1"]

1. d4 g6 2. e3 Bg7 3. c4 d6 4. Nc3 c5 5. Nf3 Nc6 6. h3 Nf6 7. Be2 0-0 8. 0-0 cxd4 9. exd4 d5 10. Re1 Bf5 11. Bf4 Rc8 12. Be5 dxc4 13. Qa4 a6 14. Rad1 Na5 15. Rd2 b5 16. Qd1 Nc6 17. d5 Nxe5 18. Nxe5 Qd6 19. Nc6 Rfe8 20. Bf3 Nd7 21. Rde2 Bf8 22. Ne4 Bxe4 23. Rxe4 Nc5 24. Rh4 Nd3 25. Re2 Qf6 26. Rhe4 Nxb2 27. Qa1 c3 28. Re5 Nd3 29. Qxc3 Nxe5 30. Qxe5 Qxe5 31. Rxe5 Kg7 32. Bg4 e6 33. Nd4 exd5 34. Rxd5 Rcd8 35. Rxd8 Rxd8 36. Nc6 Rd6 37. Nb4 h5 38. Bf3 a5 39. Nc6 a4 40. Kf1 Rd2 41. Be2 Rxa2 42. Bxb5 a3 43. Nd4 Rb2 44. Bc4 Rb4 0-1

[Event "Titled Tuesday intern op 08th Aug Early"]
[Site "Chess.com INT"]
[Date "2023.08.08"]
[Round "2"]
[White "Gueci, Tea"]
[Black "Komov, Roman"]
[Result "1-0"]
[WhiteElo "2217"]
[BlackElo "2301"]
[PlyCount "79"]
[EventDate "2023.08.08"]
[EventType "swiss (blitz)"]
[EventRounds "11"]
[EventCountry "USA"]
[SourceTitle "EXT 2024"]
[Source "ChessBase"]
[SourceDate "2023.10.10"]
[SourceVersion "1"]
[SourceVersionDate "2023.10.10"]
[SourceQuality "1"]

1. e4 c6 2. d4 d5 3. e5 Bf5 4. Nd2 e6 5. Nb3 Nd7 6. Nf3 h6 7. Be2 a6 8. a4 c5 9. dxc5 Bxc5 10. Nxc5 Nxc5 11. 0-0 Ne7 12. Be3 Rc8 13. a5 Nd7 14. c3 Nc6 15. Nd4 Be4 16. Nxc6 Rxc6 17. f4 0-0 18. Qe1 Nc5 19. Qg3 Kh8 20. Bd4 Nb3 21. Ra3 Nxa5 22. Bg4 Nc4 23. Ra2 Qd7 24. Qh3 Nd2 25. Rd1 Nb3 26. Be3 Kh7 27. Ra4 Bc2 28. Rf1 Rc4 29. Rxc4 dxc4 30. f5 exf5 31. Rxf5 Qe7 32. Bxh6 gxh6 33. Rf6 Bg6 34. Bf5 Qc5+ 35. Kh1 Qxe5 36. Bxg6+ fxg6 37. Qd7+ Kg8 38. Rxg6+ Kh8 39. Rxh6+ Kg8 40. Qh7# 1-0

[Event "Titled Tuesday intern op 01st Aug Early"]
[Site "Chess.com INT"]
[Date "2023.08.01"]
[Round "6"]
[White "Kovalevsky, Stanislav"]
[Black "Gueci, Tea"]
[Result "1-0"]
[WhiteElo "2163"]
[BlackElo "2217"]
[PlyCount "115"]
[EventDate "2023.08.01"]
[EventType "swiss (blitz)"]
[EventRounds "11"]
[EventCountry "USA"]
[SourceTitle "EXT 2024"]
[Source "ChessBase"]
[SourceDate "2023.10.10"]
[SourceVersion "1"]
[SourceVersionDate "2023.10.10"]
[SourceQuality "1"]

1. c4 e5 2. Nc3 Nf6 3. g3 Bb4 4. Bg2 0-0 5. e4 c6 6. Nge2 Na6 7. 0-0 Nc7 8. d4 exd4 9. Qxd4 Ne6 10. Qd1 d6 11. h3 Re8 12. f4 Nc5 13. e5 dxe5 14. Qxd8 Rxd8 15. fxe5 Nfd7 16. Bf4 Re8 17. a3 Bxc3 18. Nxc3 Nd3 19. e6 fxe6 20. Bd6 N3e5 21. c5 Nf7 22. Ne4 b6 23. Rxf7 Kxf7 24. Rf1+ Kg8 25. Ng5 Ba6 26. Rf7 Nxc5 27. Be5 Bd3 28. Rxg7+ Kf8 29. Bxc6 Rad8 30. b4 Re7 31. bxc5 Rxg7 32. Bxg7+ Kxg7 33. Nxe6+ Kf6 34. Nxd8 bxc5 35. Nb7 c4 36. Bb5 Ke5 37. Na5 Kd4 38. Kf2 c3 39. Bxd3 Kxd3 40. g4 c2 41. Nb3 Kc3 42. Nc1 Kb2 43. Ne2 c1Q 44. Nxc1 Kxc1 45. g5 Kb2 46. h4 Kb3 47. h5 Kxa3 48. g6 hxg6 49. hxg6 a5 50. g7 a4 51. g8Q Kb2 52. Qb8+ Kc3 53. Qc7+ Kb3 54. Qb6+ Ka3 55. Ke2 Ka2 56. Kd2 a3 57. Kc2 Ka1 58. Qb1# 1-0

[Event "Titled Tuesday intern op 01st Aug Early"]
[Site "Chess.com INT"]
[Date "2023.08.01"]
[Round "10"]
[White "Lehtosaari, Mauri"]
[Black "Gueci, Tea"]
[Result "0-1"]
[WhiteElo "2138"]
[BlackElo "2217"]
[PlyCount "142"]
[EventDate "2023.08.01"]
[EventType "swiss (blitz)"]
[EventRounds "11"]
[EventCountry "USA"]
[SourceTitle "EXT 2024"]
[Source "ChessBase"]
[SourceDate "2023.10.10"]
[SourceVersion "1"]
[SourceVersionDate "2023.10.10"]
[SourceQuality "1"]

1. d4 g6 2. Nf3 Bg7 3. Bg5 d6 4. c3 Nd7 5. e3 h6 6. Bh4 Ngf6 7. Bc4 c6 8. a4 0-0 9. 0-0 Qc7 10. Nbd2 e5 11. dxe5 dxe5 12. Qc2 Kh7 13. Rfd1 Nb6 14. Ba2 Bf5 15. e4 Bg4 16. h3 Bxf3 17. Nxf3 c5 18. a5 Nbd7 19. Bc4 Kg8 20. a6 Nb6 21. Bb5 Nh5 22. Rd2 bxa6 23. Bxa6 g5 24. Bg3 Nxg3 25. fxg3 Rad8 26. Rad1 Bf6 27. Nh2 h5 28. Nf1 c4 29. Kh2 g4 30. h4 Bg7 31. Ne3 Bh6 32. Rxd8 Rxd8 33. Nf5 Bg7 34. Rd2 Bf6 35. Qd1 Kf8 36. Bb5 Nc8 37. Ba4 Nb6 38. Bc2 Nc8 39. Qe2 Ne7 40. Ne3 Ng6 41. Nd5 Qb6 42. Qd1 Rc8 43. Qa1 Kg7 44. Rf2 Bxh4 45. gxh4 Qxf2 46. Qa6 g3+ 47. Kh3 Nf4+ 48. Nxf4 Qxf4 49. Bd1 Rd8 50. Bxh5 Rd2 51. Qc8 Qf6 52. Qg4+ Kf8 53. Qf5 Qg7 54. Bg4 Rd8 55. h5 Qh6 56. Bf3 f6 57. Kxg3 Qg5+ 58. Qxg5 fxg5 59. Kg4 Rd2 60. Kxg5 Kg7 61. Kf5 Rxb2 62. g4 Rc2 63. g5 Rxc3 64. h6+ Kh8 65. g6 Rxf3+ 66. Kxe5 Rg3 67. Kf6 c3 68. Kf7 c2 69. g7+ Kh7 70. e5 c1Q 71. e6 Qc7+ 0-1

[Event "ITA-chT (Women)"]
[Site "Bacoli"]
[Date "2023.04.28"]
[Round "3.2"]
[White "Scarpa, Silvia"]
[Black "Gueci, Tea"]
[Result "1/2-1/2"]
[WhiteElo "2039"]
[BlackElo "2227"]
[PlyCount "56"]
[EventDate "2023.04.25"]
[EventType "team-tourn"]
[EventRounds "7"]
[EventCountry "ITA"]
[SourceTitle "CBM 214 Extra"]
[Source "ChessBase"]
[SourceDate "2023.07.31"]
[SourceVersion "1"]
[SourceVersionDate "2023.07.31"]
[SourceQuality "1"]

1. e4 c5 2. f4 d5 3. exd5 Nf6 4. Bb5+ Bd7 5. Bxd7+ Qxd7 6. c4 e6 7. dxe6 Qxe6+ 8. Qe2 Nc6 9. Qxe6+ fxe6 10. Na3 Nb4 11. Nh3 Nd3+ 12. Ke2 0-0-0 13. Nc2 e5 14. fxe5 Nxe5 15. Ne3 g6 16. Nf2 Bh6 17. b3 Rhe8 18. Re1 Nfg4 19. Nfxg4 Nxg4 20. h3 Ne5 21. g3 Nd3 22. Rf1 Re7 23. Ba3 b6 24. Rad1 Bg7 25. Rf3 Ne5 26. Rf2 Nd3 27. Rf3 Ne5 28. Rf2 Nd3 1/2-1/2

[Event "Budapest Vezerkepzo Christmas IM"]
[Site "Budapest"]
[Date "2023.01.03"]
[Round "8"]
[White "Gueci, Tea"]
[Black "Szeberenyi, Adam"]
[Result "1-0"]
[WhiteElo "2260"]
[BlackElo "2344"]
[PlyCount "51"]
[EventDate "2022.12.26"]
[EventType "tourn"]
[EventRounds "9"]
[EventCountry "HUN"]
[SourceTitle "CBM 212 Extra"]
[Source "ChessBase"]
[SourceDate "2023.03.31"]
[SourceVersion "1"]
[SourceVersionDate "2023.03.31"]
[SourceQuality "1"]

1. e4 e5 2. Nf3 Nf6 3. Nxe5 d6 4. Nf3 Nxe4 5. Bd3 Nf6 6. 0-0 Be7 7. c3 0-0 8. h3 b6 9. Bc2 Bb7 10. d4 Nbd7 11. Re1 Re8 12. Bg5 h6 13. Bh4 Nh5 14. Qd3 g6 15. Bg3 Nxg3 16. fxg3 Bf8 17. Nbd2 Nf6 18. Nh4 Qd7 19. Rf1 Ne4 20. Bb3 d5 21. Nxe4 Rxe4 22. Nxg6 Ba6 23. Nxf8 Qc8 24. Qf3 Bxf1 25. Bxd5 Re7 26. Rxf1 1-0

[Event "Budapest Vezerkepzo Christmas IM"]
[Site "Budapest"]
[Date "2023.01.02"]
[Round "7"]
[White "To, Nhat Minh"]
[Black "Gueci, Tea"]
[Result "1-0"]
[WhiteElo "2308"]
[BlackElo "2260"]
[PlyCount "99"]
[EventDate "2022.12.26"]
[EventType "tourn"]
[EventRounds "9"]
[EventCountry "HUN"]
[SourceTitle "CBM 212 Extra"]
[Source "ChessBase"]
[SourceDate "2023.03.31"]
[SourceVersion "1"]
[SourceVersionDate "2023.03.31"]
[SourceQuality "1"]

1. e4 c5 2. Nf3 Nc6 3. Bb5 g6 4. Bxc6 dxc6 5. d3 Bg7 6. h3 b6 7. Nc3 Nf6 8. Be3 0-0 9. Qd2 e5 10. a3 Qd6 11. 0-0 Nh5 12. Bh6 f6 13. Bxg7 Nxg7 14. Ne2 a5 15. Rab1 Ba6 16. b4 cxb4 17. axb4 a4 18. Qe3 Qc7 19. c4 b5 20. c5 Bc8 21. d4 Be6 22. Rfd1 exd4 23. Rxd4 a3 24. Ra1 a2 25. Rd6 Ra4 26. Qc3 Rfa8 27. Ned4 Bf7 28. Rxc6 Qf4 29. Nc2 Qxe4 30. Rxf6 Bd5 31. Rd6 Nf5 32. Rd7 Qe6 33. Rxh7 Kxh7 34. Ng5+ Kg8 35. Nxe6 Bxe6 36. c6 Rc8 37. g4 Ng7 38. Qc5 Ra6 39. Nd4 Bc4 40. c7 Ne6 41. Nxe6 Rxe6 42. h4 Kf7 43. h5 gxh5 44. Qxh5+ Ke7 45. Rd1 Bd3 46. Qd5 Rd6 47. Qxa2 Bc4 48. Qa1 Rxd1+ 49. Qxd1 Rxc7 50. Qd4 1-0

[Event "Budapest SixDays 11 IM"]
[Site "Budapest"]
[Date "2022.12.02"]
[Round "8"]
[White "To, Nhat Minh"]
[Black "Gueci, Tea"]
[Result "1/2-1/2"]
[WhiteElo "2321"]
[BlackElo "2243"]
[PlyCount "23"]
[EventDate "2022.11.28"]
[EventType "tourn"]
[EventRounds "9"]
[EventCountry "HUN"]
[SourceTitle "CBM 211 Extra"]
[Source "ChessBase"]
[SourceDate "2023.01.31"]
[SourceVersion "1"]
[SourceVersionDate "2023.01.31"]
[SourceQuality "1"]

1. d4 d5 2. c4 e6 3. Nc3 c5 4. cxd5 exd5 5. Nf3 Nc6 6. dxc5 d4 7. Na4 Bxc5 8. Nxc5 Qa5+ 9. Qd2 Qxc5 10. e3 dxe3 11. Qxe3+ Qxe3+ 12. Bxe3 1/2-1/2